| 000 | 00737nam a2200253Ia 4500 | ||
|---|---|---|---|
| 003 | OSt | ||
| 005 | 20221006160853.0 | ||
| 006 | a|||||r|||| 00| 0 | ||
| 007 | ta | ||
| 008 | 221006b |||||||| |||| 00| 0 eng d | ||
| 020 | _a9781788112062 | ||
| 024 | _a46,674 | ||
| 037 | _cTextual | ||
| 040 |
_aEASL _cEASL _beng |
||
| 041 |
_2eng _aeng |
||
| 082 | _aV41:19(zB).P17<-P13, Q8 | ||
| 100 |
_aCHAN Gerald _9675308 |
||
| 245 | 0 |
_aUnderstanding Chin's new diplomacy _b Silk roads and bullet trains. |
|
| 260 |
_aU.K _bEdward Elgar _c2018 |
||
| 300 |
_a134p. _ccm. |
||
| 490 | _aNew Horizons in east asian politics. | ||
| 942 |
_hV41:19(zB).P17<-P13, Q8 _cTEXL _2CC |
||
| 999 |
_c1114764 _d1114764 |
||